00291nam a2200097Ia 4500008004100000082001500041100002200056245006800078260003900146365000800185210423s2005 xx 000 0 und d a371.23SALT aSALKIND (Neil J). aJests and management for people who hate vests and meacurement. aNew DelhibSage Publicationsc2005 cINR